Pedagogické kompetencie učiteľa v kontexte súčasných zmien

Autorka sa zamýšľa nad problematikou pedagogických kompetencií učiteľa v kontexte súčasných zmien v spoločenských oblastiach vrátane výchovy a vzdelávania. V centre pozornosti stojí samotný pojem profesijné kompetencie a tiež vysokoškolská príprava budúcich učiteľov.

Bibliographic Details
Main Author: Šuťáková, Valentína (pedagogička) (Author)
Format: Article
Language:Slovak
Subjects:

MARC

LEADER 00000cab a2200000 a 4500
001 vtls001509950
003 SK-MaSNL
005 20260304003554.0
008 141024c2001 xo u 0 00b0slo
035 |a SPKCL12277 
040 |a SPKCL  |b slo  |c SNKBUCL  |d SPK(MP)  |e AACR2 
041 0 |a slo 
044 |a xo  |c SK 
080 |a 35.085:371.12:371.13  |2 1981 
100 1 |a Šuťáková, Valentína  |c (pedagogička)  |4 aut  |9 39582 
245 1 0 |a Pedagogické kompetencie učiteľa v kontexte súčasných zmien  |c Valentína Šuťáková 
520 |a Autorka sa zamýšľa nad problematikou pedagogických kompetencií učiteľa v kontexte súčasných zmien v spoločenských oblastiach vrátane výchovy a vzdelávania. V centre pozornosti stojí samotný pojem profesijné kompetencie a tiež vysokoškolská príprava budúcich učiteľov. 
650 0 7 |a spoločnosť  |2 snkbucl  |9 1013 
650 0 7 |a premena  |2 snkbucl  |9 1066653 
650 0 7 |a učiteľ  |2 snkbucl  |9 642006 
650 0 7 |a kompetencie  |2 snkbucl  |9 506123 
650 0 7 |a vzdelávanie učiteľov  |2 snkbucl  |9 4031 
650 0 7 |a študent učiteľstva  |2 snkbucl  |9 1078675 
655 7 |a BZB  |2 snkbucl  |9 1080216 
773 1 |t Pedagogická profesia v kontexte aktuálnych spoločenských zmien (riziká, problémy, perspektívy),  |g Katedra pedagogiky FHPV PU s. 131-134 
850 |a Slovenská pedagogická knižnica Bratislava 
852 |a SPKCL  |b KIS3GCP  |b 000710000  |n SK 
999 |c 2547979  |d 2549909